Server+ certification bible (Record no. 12545)

000 -LEADER
fixed length control field 00584cam a2200193 a 4500
040 ## - CATALOGING SOURCE
Transcribing agency CtWfDGI
082 04 - DEWEY DECIMAL CLASSIFICATION NUMBER
Classification number 004 HUN 2001 A007 Or.
100 1# - MAIN ENTRY--AUTHOR NAME
Personal name Kay, Trevor.
245 10 - TITLE STATEMENT
Title Server+ certification bible
260 ## - PUBLICATION, DISTRIBUTION, ETC. (IMPRINT)
Place of publication New York :
Name of publisher Hungry Minds,
Year of publication c2001
500 ## - GENERAL NOTE
General note Includes index.
500 ## - GENERAL NOTE
General note Preparation for the CompTIA Server+ exam SK0-001.
500 ## - GENERAL NOTE
General note Title from title screen.
650 #0 - SUBJECT ADDED ENTRY--TOPICAL TERM
Topical Term Client/server computing
650 #0 - SUBJECT ADDED ENTRY--TOPICAL TERM
Topical Term Electronic data processing personnel
650 #0 - SUBJECT ADDED ENTRY--TOPICAL TERM
Topical Term Web servers
856 40 - ELECTRONIC LOCATION AND ACCESS
Uniform Resource Identifier http://www.books24x7.com/marc.asp?isbn=0764548093
942 ## - ADDED ENTRY ELEMENTS (KOHA)
Koha item type សៀវភៅភាសាអង់គ្លេស
952 ## - LOCATION AND ITEM INFORMATION (KOHA)
Withdrawn status [LOCAL, KOHA] 0
Holdings
Permanent Location Date acquired Koha item type Lost status Shelving location Barcode Current Location Full call number
Library Block A2017-08-14សៀវភៅភាសាអង់គ្លេស A006A18255Library Block A004 HUN 2001 A006 Or.
មជ្ឈមណ្ឌលឯការនៃសាកលវិទ្យាល័យភូមិន្ទកសិកម្មចំការដូង

Powered by Koha